Call the midwife. Season two (Record no. 281076)
[ view plain ]
| 000 -LEADER | |
|---|---|
| fixed length control field | 02803cgm a2200613Ia 4500 |
| 001 - CONTROL NUMBER | |
| control field | ocn832728812 |
| 003 - CONTROL NUMBER IDENTIFIER | |
| control field | OCoLC |
| 005 - DATE AND TIME OF LATEST TRANSACTION | |
| control field | 20251220123201.0 |
| 007 - PHYSICAL DESCRIPTION FIXED FIELD--GENERAL INFORMATION | |
| fixed length control field | vd cvaizs |
| 008 - FIXED-LENGTH DATA ELEMENTS--GENERAL INFORMATION | |
| fixed length control field | 130327s2013 enk555 vleng d |
| 020 ## - INTERNATIONAL STANDARD BOOK NUMBER | |
| Terms of availability | 27.86 |
| 024 1# - OTHER STANDARD IDENTIFIER | |
| Standard number or code | 883929330454 |
| 035 ## - SYSTEM CONTROL NUMBER | |
| System control number | (OCoLC)832728812 |
| 040 ## - CATALOGING SOURCE | |
| Original cataloging agency | LPU |
| Transcribing agency | LPU |
| Modifying agency | GK8 |
| -- | TEF |
| -- | IK2 |
| -- | WIQ |
| -- | ABG |
| -- | ZS3 |
| -- | WACOL |
| Description conventions | rda |
| 041 0# - LANGUAGE CODE | |
| Language code of text/sound track or separate title | eng |
| Language code of original and/or intermediate translations of text | eng |
| 044 ## - COUNTRY OF PUBLISHING/PRODUCING ENTITY CODE | |
| MARC country code | cau |
| -- | xxk |
| 049 ## - LOCAL HOLDINGS (OCLC) | |
| Holding library | WACL |
| 050 14 - LIBRARY OF CONGRESS CALL NUMBER | |
| Classification number | PN1992.77 |
| Item number | .C35 2013 |
| 082 04 - DEWEY DECIMAL CLASSIFICATION NUMBER | |
| Classification number | 791.45/75 |
| Edition number | 23 |
| 092 ## - LOCALLY ASSIGNED DEWEY CALL NUMBER (OCLC) | |
| Classification number | DVD |
| Item number | Cal |
| 130 0# - MAIN ENTRY--UNIFORM TITLE | |
| Uniform title | Call the midwife (Television program). |
| Number of part/section of a work | Season 2. |
| 9 (RLIN) | 5880607 |
| 245 10 - TITLE STATEMENT | |
| Title | Call the midwife. Season two |
| 257 ## - COUNTRY OF PRODUCING ENTITY FOR ARCHIVAL FILMS | |
| Country of producing entity | Great Britain. |
| 260 ## - PUBLICATION, DISTRIBUTION, ETC. (IMPRINT) | |
| Place of publication, distribution, etc | [London] : |
| Name of publisher, distributor, etc | BBC Worldwide ; |
| Place of publication, distribution, etc | Burbank, CA : |
| Name of publisher, distributor, etc | [distributed in the USA and Canada by] Warner Home Video, |
| Date of publication, distribution, etc | [2013] |
| 264 ## - Production, Publication, Distribution, Manufacture, and Copyright Notice. | |
| Place of production, publication, distribution, manufacture | Burbank, CA : |
| Name of producer, publisher, distributor, manufacturer | a Neal Street production for BBC ; written by Heidi Thomas ; directed by Philippa Lowthorpe, Jamie Payne. |
| Date of production, publication, distribution, manufacture, or copyr | [2013] |
| 300 ## - PHYSICAL DESCRIPTION | |
| Extent | 3 videodiscs (555 min.) : |
| Other physical details | sd., col. ; |
| Dimensions | 4 3/4 in. |
| 336 ## - Content Type | |
| Content type term | two-dimensional moving image |
| 337 ## - Media type | |
| Media type term | video |
| 338 ## - Carrier type | |
| Carrier type term | videodisc |
| 500 ## - GENERAL NOTE | |
| General note | Title from container. |
| 500 ## - GENERAL NOTE | |
| General note | Based on the book by Jennifer Worth. |
| 500 ## - GENERAL NOTE | |
| General note | DVD extras: Wimples, babies and bicycles; cast members discuss giving birth to "Call the Midwife". |
| 511 1# - PARTICIPANT OR PERFORMER NOTE | |
| Participant or performer note | Jessica Raine, Pam Ferris, Helen George, Judy Parfitt. |
| 520 ## - SUMMARY, ETC. | |
| Summary, etc | Season Two continues to follow Jenny and the other midwives as they deal with all the problems the neighborhood of Poplar has to throw at them. A fascinating portrayal of birth, life, death and a community on the brink of huge social change, Call the Midwife offers a gripping insight into a way of life that is so drastically different from how we live now. |
| 521 8# - TARGET AUDIENCE NOTE | |
| Target audience note | Not rated. |
| 538 ## - SYSTEM DETAILS NOTE | |
| System details note | DVD, NTSC, region 1, full screen (16:9 enhanced); Dolby Digital, stereo. |
| 546 ## - LANGUAGE NOTE | |
| Language note | In English, with English subtitles for the deaf and hard of hearing. |
| 650 #0 - SUBJECT ADDED ENTRY--TOPICAL TERM | |
| Topical term or geographic name as entry element | Midwives |
| Geographic subdivision | England |
| -- | London |
| Form subdivision | Drama. |
| 9 (RLIN) | 5789339 |
| 650 #0 - SUBJECT ADDED ENTRY--TOPICAL TERM | |
| Topical term or geographic name as entry element | Pregnant women |
| Geographic subdivision | England |
| -- | London |
| Form subdivision | Drama. |
| 9 (RLIN) | 5789341 |
| 651 #0 - SUBJECT ADDED ENTRY--GEOGRAPHIC NAME | |
| Geographic name | Poplar (London, England) |
| Form subdivision | Drama. |
| 9 (RLIN) | 5789344 |
| 655 #7 - INDEX TERM--GENRE/FORM | |
| Genre/form data or focus term | Historical television programs. |
| Source of term | lcgft |
| 9 (RLIN) | 5880608 |
| 655 #7 - INDEX TERM--GENRE/FORM | |
| Genre/form data or focus term | Television series. |
| Source of term | lcgft |
| 9 (RLIN) | 5674288 |
| 655 #7 - INDEX TERM--GENRE/FORM | |
| Genre/form data or focus term | Fiction television programs. |
| Source of term | lcgft |
| 9 (RLIN) | 5673656 |
| 700 1# - ADDED ENTRY--PERSONAL NAME | |
| Personal name | Lowthorpe, Philippa. |
| 9 (RLIN) | 5880609 |
| 700 1# - ADDED ENTRY--PERSONAL NAME | |
| Personal name | Payne, Jamie. |
| 9 (RLIN) | 5880610 |
| 700 1# - ADDED ENTRY--PERSONAL NAME | |
| Personal name | Worth, Jennifer, |
| Dates associated with a name | 1935-2011. |
| 9 (RLIN) | 5880611 |
| 700 1# - ADDED ENTRY--PERSONAL NAME | |
| Personal name | Raine, Jessica, |
| Dates associated with a name | 1982- |
| 9 (RLIN) | 5880612 |
| 700 1# - ADDED ENTRY--PERSONAL NAME | |
| Personal name | Ferris, Pam. |
| 9 (RLIN) | 66750 |
| 700 1# - ADDED ENTRY--PERSONAL NAME | |
| Personal name | George, Helen. |
| 9 (RLIN) | 5792976 |
| 710 2# - ADDED ENTRY--CORPORATE NAME | |
| Corporate name or jurisdiction name as entry element | Warner Home Video (Firm) |
| 9 (RLIN) | 61103 |
| 710 2# - ADDED ENTRY--CORPORATE NAME | |
| Corporate name or jurisdiction name as entry element | British Broadcasting Corporation. |
| Subordinate unit | Television Service. |
| 9 (RLIN) | 3829 |
| 942 ## - ADDED ENTRY ELEMENTS (KOHA) | |
| Koha item type | DVD |
| Source of classification or shelving scheme | Dewey Decimal Classification |
| 948 ## - LOCAL PROCESSING INFORMATION (OCLC); SERIES PART DESIGNATOR (RLIN) | |
| Series part designator, SPT (RLIN) | 06/19/2013 |
| z (OCLC) | Sirsi |
| Withdrawn status | Lost status | Source of classification or shelving scheme | Materials specified (bound volume or other part) | Damaged status | Not for loan | Collection code | Home library | Current library | Shelving location | Date acquired | Source of acquisition | Cost, normal purchase price | Total Checkouts | Total Renewals | Full call number | Barcode | Date last seen | Date checked out | Cost, replacement price | Price effective from | Koha item type | Public note |
|---|---|---|---|---|---|---|---|---|---|---|---|---|---|---|---|---|---|---|---|---|---|---|
| Dewey Decimal Classification | .CIRCNOTE. 3 discs | Television Series | Wasatch County Library | Wasatch County Library | Audio Visual Area | 06/19/2013 | Amazon | 29.95 | 76 | 7 | TV Series Call the Midwife #2 | 34301001238650 | 02/06/2026 | 01/16/2026 | 29.95 | 03/20/2020 | DVD Series | .PUBLIC. 3 discs |
